00254nam a22001217a 4500003000400000020002200004082001900026100002100045245002400066250000800090260002600098300000800124SGT a978-81-239-2588-2 a610.7362bC17S aSINGH, MEHARBAN  aCARE OF THE NEWBORN a8TH aINDIA bCBS PUBc2017 a644